000 00718nam a2200229 a 4500
999 _c11251
_d11251
001 11251
003 BD-JhCC
005 20220522134023.0
008 190619s 2015bg |||| ||a| 000 0 ben d
020 _a9847009603167
035 _a(BD-JhCC)11251
040 _aBD-JhCC
_dBD-JhCC
041 _aben
082 _a510
_bMIM 2015
100 _aমিম, মুতাসিম
245 _aসংখ্যাতত্ব ও কম্বিনেটরিক্স /
_cমুতাসিম মিম ।
260 _aঢাকা:
_bতাম্রলিপি;
_c২০১৫.
300 _a১২৭ পৃ. :
_c২২ সেমি.
650 _aMahtematics
942 _2ddc
_cBK
_03